000 00783nam a2200241 i 4500
001 107988
003 ES-MaACL
005 20251116063059.0
007 t|
008 070108s1970 sp ||||1| spa d
080 _a821.134.2-21"15"
084 _a86-21"14"
100 1 _aRojas, Fernando de,
_dca. 1470-1541
_999042
240 1 3 _aLa Celestina
245 1 3 _aLa Celestina /
_cFernando de Rojas; edición, prólogo y notas por Manuel Criado de Val.
260 _aEstella (Navarra) :
_bSalvat,
_c1970.
300 _a187 p. ;
_c19 cm.
490 1 _aBiblioteca básica Salvat de libros RTV ;
_v75
700 1 _aCriado de Val, Manuel.
_941605
830 1 0 _aBiblioteca básica Salvat de libros RTV
_v75
_9185398
852 _aES-MaACL
_jE-2996
999 _c107988
_d107988